Vista normal
Vista MARC
- Cerda Carretero
Entrada Nombre personal
Número de registros utilizados en: 1
001 - NÚMERO DE CONTROL
- campo de control: 30928
003 - IDENTIFICADOR DEL NÚMERO DE CONTROL
- campo de control: AR-RoBPED
005 - FECHA Y HORA DE LA ÚLTIMA TRANSACCIÓN
- campo de control: 20260514123052.0
008 - DATOS DE LONGITUD FIJA
- campo de control de longitud fija: 260514|| acz||aabn | a|a d
040 ## - FUENTE DE LA CATALOGACIÓN
- Centro catalogador/agencia de origen: AR-RoBPED
100 1# - ENCABEZAMIENTO-NOMBRE DE PERSONA
- Nombre de persona: Cerda Carretero
670 ## - FUENTE DE DATOS ENCONTRADOS
- Cita de la fuente: Linterna : libro de lectura para quinto grado / Luis Franchi ; ilustraciones de Cerda Carretero. Buenos Aires : Librería del Colegio, 1957.